| 000 | 00347 a2200109 4500 | ||
|---|---|---|---|
| 020 | _a047116660X (alk. paper) | ||
| 082 | _a526.1 SMI | ||
| 100 | _aSmith, James R. | ||
| 245 |
_aIntroduction to geodesy : _bthe history and concepts of modern geodesy / _cJames R. Smith. |
||
| 260 |
_aNew York : _bWiley, _c1996. |
||
| 300 |
_axv, 224 p. : _bill., maps ; _c24 cm. |
||
| 650 | _aGeodesy. | ||
| 999 |
_c908 _d908 |
||